000 01728nas a22003615i 4500
001 3005-0715
003 DE-He213
005 20260304140704.0
007 cr nn 008mamaa
008 240111s||||||||xxkuu poo|||||| b|EN |d
022 _a3005-0715
024 7 _a44364
_2local
210 1 0 _aPoult. Sci. Manag.
245 1 0 _aPoultry Science and Management
_h[electronic resource] /
_cedited by Nicole Kemper.
264 1 _aLondon :
_bBioMed Central :
_bImprint: BioMed Central.
300 _bonline resource.
520 _aPoultry Science and Management is an open access peer-reviewed journal that aims to publish innovative research about the management of poultry animals for both meat and eggs, the production of poultry products and the related food security considerations. The subjects covered include, but are not limited to, animal management and health, infectious and non-infectious diseases, genetics, reproduction, animal welfare and ethics, technology, policy and legislation, economics, and food security. The journal welcomes content from around the world about all poultry species. .
650 0 _aAgriculture.
650 0 _aAgriculture—Economic aspects.
650 0 _aAgriculture.
650 0 _aApplied ethics.
650 0 _aVeterinary medicine.
650 0 _aZoology.
650 1 4 _aAgriculture.
650 2 4 _aAgricultural Economics.
650 2 4 _aAgricultural Ethics.
650 2 4 _aVeterinary Science.
650 2 4 _aZoology.
700 1 _aKemper, Nicole.
_eeditor.
_4edt
_4http://id.loc.gov/vocabulary/relators/edt
_924163
710 2 _aSpringerLink (Online service)
856 4 0 _uhttps://poultrysciencemanagement.biomedcentral.com/
_zOpen Access
999 _c575823
_d575823